000 00209 a2200097 4500
001 59650
100 _a
245 _aAdvanced educational psychology
260 _aNew Delhi
_bAPH
_c2007
090 _c36524
_d36524
942 _aNUST-CAE
_c
_c29474
999 _c294723
_d294723